000
00277nam a2200109Ia 4500
001
588687
005
20250717120836.0
008
250717s9999 xx 000 0 und d
245
0
_a
Y-3 DEFTERİMDEN PORTRELER
_c
İLBER ORTAYLI
260
_b
KRONİK YAYINLARI
_c
2019
300
_b
303
999
_c
588687
_d
588687